000 00527nam a22001817a 4500
005 20230221141342.0
008 230221b ||||| |||| 00| 0 eng d
040 _cAL
041 _aEnglish
082 _223
_a543/71
_bGILF
100 _aEsmarch S Gilreath
_972800
245 _aFundamental Concepts of Inorganic Chemistry
260 _aTokyo
_bMcGraw Hill Kogakusha Ltd
_c1958
300 _avii,421 p.
_bPB
_c21x14.5 cm.
650 _aInorganic Chemistry
_972801
700 _aGILREATH (Esmarch S)
_972802
942 _2ddc
_cBB
999 _c226775
_d226775